Szczegóły MARC21

Mikrofinanse w ograniczaniu niedoskonałości rynków kredytowych /

003 -Nazwa inst., której nr kontr. jest w polu 001 [,]
    • @
    • Nazwa instytucji, której n kontrolny jest w polu 001
    • NUKAT
005 -DATA I CZAS OSTATNIEJ MODYFIKACJI [,]
    • @
    • pole kontrolne
    • 20241231110959.0
020 -Międzynarod. znormalizowany nr książki - ISBN [ , ]
    • a
    • Numer ISBN
    • 9788375565829 Find
040 -Instytucja sporządzająca opis [ , ]
    • a
    • Instytucja, która sporządziła opis (NP)
    • GD U/ISS
    • c
    • Instytucja, która sporządziła rekord (NP)
    • GD U/ISS
    • d
    • Instytucja, która zmodyfikowała rekord (P)
    • GD U/AEKs
    • d
    • Instytucja, która zmodyfikowała rekord (P)
    • KR 7/HTs
942 -Rodzaj dokumentu [ , ]
    • c
    • Rodzaj dokumentu
    • Książka
100 -Hasło główne - nazwa osobowa [1, ]
    • a
    • Nazwa osobowa (NP)
    • Pluskota, Przemysław.
    • 9
    • KHW
    • 65366
245 -Strefa tytułu i oznaczenia odpowiedzialności [1,0]
    • a
    • Tytuł
    • Mikrofinanse w ograniczaniu niedoskonałości rynków kredytowych / Find
    • c
    • Pozostałe elementy strefy tytułu i oznaczenia odpowiedzialności (NP)
    • Przemysław Pluskota.
260 -Strefa adresu wydawniczego [ , ]
    • a
    • Miejsce wydania (P)
    • Warszawa :
    • b
    • Nazwa wydawcy (P)
    • CeDeWu,
    • c
    • Data wydania (P)
    • 2013.
300 -Strefa opisu fizycznego [ , ]
    • a
    • Określenie formy książki i/lub objętość (NP)
    • 335 s. :
    • b
    • Oznaczenie ilustracji (NP)
    • il. ;
    • c
    • Format (NP)
    • 24 cm.
336 -Typ zawartości [ , ]
    • a
    • Termin opisujący typ zawartości
    • Tekst
    • b
    • Kod określający zawartość
    • txt
    • 2
    • Źródło (terminu i kodu)
    • rdacontent
337 -Typ mediów [ , ]
    • a
    • Tryb odtwarzania
    • Bez urządzenia pośredniczącego
    • b
    • Kod typu mediów
    • n
    • 2
    • Źródło (terminu i kodu)
    • rdamedia
338 -Typ/rodzaj nośnika [ , ]
    • a
    • Hasło opisujące typ nośnika
    • Wolumin
    • b
    • Kod typu nośnika
    • nc
    • 2
    • Źródło (terminu i kodu)
    • rdacarrier
504 -Uwaga dot. bibliogr. załącznikowej [ , ]
    • a
    • Uwaga dot. bibliografii załącznikowej
    • Bibliogr. s. 319-328.
650 -Hasło przedmiotowe [ ,7]
    • a
    • Hasło przedmiotowe
    • Kredyt konsumpcyjny
    • z
    • Określnik geograficzny
    • Polska
    • y
    • Określnik chronologiczny
    • 1990-.
    • 2
    • Źródło terminu
    • kaba
    • 9
    • KHW
    • 357747
650 -Hasło przedmiotowe [ ,7]
    • a
    • Hasło przedmiotowe
    • Mikrofinanse.
    • 2
    • Źródło terminu
    • kaba
    • 9
    • KHW
    • 182289
710 -Hasło dodatkowe - nazwa ciała zbiorowego [2, ]
    • a
    • Nazwa ciała zbiorowego lub nazwa geograficzna jako pierwszy element (NP)
    • CeDeWu.
    • 4
    • Kod relacji
    • pbl
    • 9
    • KHW
    • 51194
856 -Dostęp do wersji elektronicznej [4,8]
    • 3
    • Wyszczególnienie materiału
    • Okładka
920 -ISBN [ , ]
    • a
    • ISBN
    • 978-83-7556-582-9 Find
Data inwentaryzacji Lokalizacja Sygnatura Numer inwentarzowy Status udost.
2013-11-07BE E.74854-2
2014-07-09BG Z.1188931
2013-11-20TT.13604T.13604-2
2013-11-20T TM.9497-2
2013-11-20TTM.9498TM.9498-3
2013-11-20T TM.9499-3
2014-02-10T TM.10339-3
2019-01-31TTM.14448TM.14448-3
2021-02-22TTM.15177TM.15177-3